000 00556nam a2200193 a 4500
001 000017237
003 OSt
005 20201006094025.0
008 100322s19uu dr c 000 0 spa d
040 _aDO-SdBNP
_bspa
_cBNPHU
082 _axxx
_bR427e
100 1 _aRequena, Andrés Francisco
_937897
245 1 4 _aLos enemigos de la tierra /
_cAndrés Francisco Requena.
250 _a3a ed.
260 _aCiudad Trujillo, República Dominicana. :
_bLa Nación,
_c[19--?].
300 _a236 p. :
_bretr. ;
_c20 cm.
942 _2ddc
_cLF1
956 _aLOPEREZ
999 _c16762
_d16762